Normal view
MARC view
- Structure
Entry Topical Term
001 - CONTROL NUMBER
- control field: 51872
003 - CONTROL NUMBER IDENTIFIER
- control field: NUST
005 - DATE AND TIME OF LATEST TRANSACTION
- control field: 20210314135105.0
008 - FIXED-LENGTH DATA ELEMENTS
- fixed length control field: 210314|| aca||aabn | a|a d
040 ## - CATALOGING SOURCE
- Original cataloging agency: NUST
- Transcribing agency: NUST
150 ## - HEADING--TOPICAL TERM
- Topical term or geographic name entry element: Structure
- Topical term following geographic name entry element: Syn-4
670 ## - SOURCE DATA FOUND
- Source citation: Work cat.: (NUST): Abdur Rehman 51871, Hydraulic Water Tank Using Glass Fiber-Reinforced Polymer (GFRP) Bars , 2020.
